Your child, God's champion. (Record no. 17132)

000 -LEADER
fixed length control field 00489nam a2200169 a 4500
001 - CONTROL NUMBER
control field :::00020859$&:&@@
003 - CONTROL NUMBER IDENTIFIER
control field OkBaRHE
005 - DATE AND TIME OF LATEST TRANSACTION
control field 20040124151300.0
008 - FIXED-LENGTH DATA ELEMENTS--GENERAL INFORMATION
fixed length control field s1992 j 000 0 eng u
040 ## - CATALOGING SOURCE
Transcribing agency
100 1# - MAIN ENTRY--PERSONAL NAME
Personal name Zimmer, Chuck
245 10 - TITLE STATEMENT
Title Your child, God's champion.
260 ## - PUBLICATION, DISTRIBUTION, ETC. (IMPRINT)
Place of publication, distribution, etc Broken Arrow, OK
Name of publisher, distributor, etc Sunergos Ministries
Date of publication, distribution, etc 1992
300 ## - PHYSICAL DESCRIPTION
Extent 141 p.
942 ## - ADDED ENTRY ELEMENTS (KOHA)
Source of classification or shelving scheme
Koha item type Books
Copies
Date acquired Damaged status Permanent Location Lost status Withdrawn status Source of classification or shelving scheme Copy number Date last seen Price effective from Shelving location Not for loan Koha item type Barcode Full call number
2010-04-14 RHEMA Bible Training College   12010-04-142010-04-14General Stacks Books20859HQ 769 .Z55